Chapman Library

Securities markets and investment: a Ghana premer (Record no. 3033)

000 -LEADER
fixed length control field 00382nam a22001457a 4500
020 ## - INTERNATIONAL STANDARD BOOK NUMBER
ISBN 9789988600617
050 ## - LIBRARY OF CONGRESS CALL NUMBER
Classification number HG 5882.A3 men
100 ## - MAIN ENTRY--AUTHOR NAME
Personal name MENSAH, Sam
245 ## - TITLE STATEMENT
Title Securities markets and investment: a Ghana premer
250 ## - EDITION STATEMENT
Edition statement 4th. ed.
260 ## - PUBLICATION, DISTRIBUTION, ETC. (IMPRINT)
Place of publication Accra, Ghana
Name of publisher Smartline Ltd
Year of publication 2014
300 ## - PHYSICAL DESCRIPTION
Number of Pages xi, 435p. : ill. : Ref.
942 ## - ADDED ENTRY ELEMENTS (KOHA)
Koha item type Books
988 ## - PAGINATION/EXTENT
PAGINATION/EXTENT xi, 435p. : ill. : Ref.
Holdings
Koha item type Collection code Shelving location Accession Number Permanent Location Current Location Date acquired Full call number
BooksLendingLending4284Chapman LibraryChapman Library2017-03-17HG 5882.A3 men
BooksLendingLending4245Chapman LibraryChapman Library2017-03-17HG 5882.A3 men
BooksReferenceReference4286Chapman LibraryChapman Library2017-03-17HG 5882.A3 men


CSUC Chapman Library is a Koha Automated Library.


Contact us: library@csuc.edu.gh.